Norway Quiz - Statistics

General Stats
  • This quiz has been taken 72 times
  • The average score is 8 of 10
Answer Stats
Hint Answer % Correct
Capital City Oslo
95%
The flag is mostly this color Red
94%
Borders Sweden, Finland, Russia
94%
Country that controlled Norway before it's independence Denmark/Sweden
92%
Official language Norwegian
92%
Largest Export Oil
89%
Currency Norwegian krone
87%
Most popular sport Football (soccer)
66%
National Animal Moose
63%
Year that Norway Gained independence 1905
50%
No matching quizzes found
Score Distribution
Percent of People with Each Score
Percentile by Number Answered
Your Score History
You have not taken this quiz